Normal view
MARC view
- Morrison, Michael,
Entry Personal Name
001 - CONTROL NUMBER
- control field: 101457
003 - CONTROL NUMBER IDENTIFIER
- control field: NUST
005 - DATE AND TIME OF LATEST TRANSACTION
- control field: 20221026172726.0
008 - FIXED-LENGTH DATA ELEMENTS
- fixed length control field: 221026|| aca||aabn | a|a d
040 ## - CATALOGING SOURCE
- Original cataloging agency: NUST
- Transcribing agency: NUST
100 ## - HEADING--PERSONAL NAME
- Personal name: Morrison, Michael,
- Dates associated with a name: 1970-
670 ## - SOURCE DATA FOUND
- Source citation: Work cat.: (NUST)179182: Oliver, Dick. 101456, Sams teach yourself HTML and XHTML in 24 hours /, 2003
